Marketing mesta bakalárska práca

Gespeichert in:
Bibliographische Detailangaben
1. Verfasser: Vicen, Martin
Körperschaft: Obchodná fakulta EU. Katedra medzinárodného obchodu
Weitere Verfasser: Paráková, Romana
Format: Buch
Sprache:Slowakisch
Veröffentlicht: Bratislava 2015
Tags: Tag hinzufügen
Keine Tags, Fügen Sie das erste Tag hinzu!

MARC

LEADER 00000nbm a2200000 4500
001 0208227
005 20170110093819.8
041 0 |a slo 
044 |a SK 
245 1 0 |a Marketing mesta  |b bakalárska práca  |c Martin Vicen ; školiteľ: Romana Paráková 
264 1 |a Bratislava  |c 2015 
300 |a 58 s. 
100 1 |a Vicen, Martin 
700 1 |a Paráková, Romana 
710 2 |a Obchodná fakulta EU. Katedra medzinárodného obchodu